Movies Quiz

Random Movies Quiz

About A Boy-Quotes Quiz Stats

 Plays Quiz not verified by Sporcle

Also try: Who's Cruise?
Challenge
Share
Tweet
Embed
Score 0/15 Timer 10:00
0 Plays Today
Question Answer % Correct
The kid seemed to think it was some kind ofDate
57.6%
That day theDead duck day
54.5%
Thought you could get a little pop group togetherMake some friends
33.3%
Hello BarneyHow are you?
31.8%
I was only trying toFeed it
30.3%
Where's NedAt his mum's for christmas?
30.3%
To be honest I'm being a bitCrap with her
24.2%
This is my girlfriend LindseyAnd Lindsey's mum
21.2%
Question Answer % Correct
She was clearly insane and seemedTo be wearing some kind of yeti costume
16.7%
I don't think IDress like marcus
13.6%
It was horrible, horrible. ButDriving fast behind the ambulance was fantastic
10.6%
He's got a special soul and I've wounded itPlease shut up you're wounding my soul
3%
You're 38 and you've never had A real job or a relationship
3%
He said he'dCut me up into little pieces and hide me under the floorboards
3%
Remember why we met Will?Because you threw a bloody great loaf of bread at a ducks head and killed it
1.5%

You're not logged in!

Compare scores with friends on all Sporcle quizzes.
OR
Log In

You Might Also Like...

Show Comments

Extras

Created Sep 22, 2010ReportNominate

Top Quizzes Today


Score Distribution

Your Account Isn't Verified!

In order to create a playlist on Sporcle, you need to verify the email address you used during registration. Go to your Sporcle Settings to finish the process.

Report this User

Report this user for behavior that violates our Community Guidelines.

Details: